| 000 | 00729nam a2200229 a 4500 | ||
|---|---|---|---|
| 999 |
_c2616 _d2616 |
||
| 001 | 2616 | ||
| 003 | BD-JhCC | ||
| 005 | 20171105180634.0 | ||
| 008 | 171105s1981 bg |||| ||a| 000 0 ben d | ||
| 035 | _a(BD-JhCC)2616 | ||
| 040 |
_aBD-JhCC _dBD-JhCC |
||
| 041 | _aben | ||
| 082 |
_a891.433 _bKON 1981 |
||
| 100 | _aনগক, নগুয়েন | ||
| 245 |
_aমৃত্যুঞ্জয়ী কংহোয়া / _cনগুয়েন নগক; ফকির আশরাফ (অনু.) |
||
| 260 |
_aঢাকা : _bবাংলা একাডেমী, _c1981. |
||
| 300 |
_a185 p. : _c21 cm. |
||
| 650 | _aNovel, Vietinam | ||
| 700 | _aআশরাফ, ফকির | ||
| 942 |
_2ddc _cBK |
||